|
|
|
|
| LEADER |
00978pam a22003378a 4500 |
| 001 |
00039979 |
| 005 |
20171026081025.0 |
| 008 |
170825s2016 ||||||viesd |
| 020 |
# |
# |
|c 95000
|a 9786045857793
|
| 041 |
0 |
# |
|a vie
|
| 082 |
1 |
4 |
|a 409
|b NG527T
|
| 245 |
1 |
0 |
|a Nguyễn Tài Cẩn - Học giả "bất yếm, bất quyện"
|c Nhiều tác giả
|
| 260 |
# |
# |
|a T.P. Hồ Chí Minh
|b Tổng hợp T.P. Hồ Chí Minh
|c 2016
|
| 300 |
# |
# |
|a 344 tr.
|c 21 cm.
|
| 600 |
1 |
4 |
|a Nguyễn, Tài Cẩn
|
| 653 |
# |
# |
|a Học giả
|
| 653 |
# |
# |
|a Nhà ngôn ngữ học
|
| 653 |
# |
# |
|a Tiểu sử
|
| 653 |
# |
# |
|a Việt Nam
|
| 852 |
# |
# |
|b Kho mượn
|j KM.0021451
|
| 852 |
# |
# |
|b Kho đọc
|j KD.0020425
|
| 852 |
# |
# |
|j KM.0021451
|j KD.0020425
|
| 910 |
|
|
|d 25/08/2017
|
| 980 |
# |
# |
|a Trung tâm Học liệu Lê Vũ Hùng, Trường Đại học Đồng Tháp
|